000 00295nam a22001337a 4500
008 181029b xxu||||| |||| 00| 0 eng d
020 _a9780226036489
041 _aeng
080 _a610
100 _a4
101 _aSHM
245 _aThe Medical Malpractice Myth
_cBaker,T
942 _2udc
_cBK
999 _c51020
_d51020